| 000 | 00685nam a2200193Ia 4500 | ||
|---|---|---|---|
| 001 | 7980 | ||
| 003 | GE_BSU | ||
| 008 | 181216s||||||||xx |||||||||||||| ||und|| | ||
| 040 | _cGE_BSU | ||
| 245 | _aРеферативный журнал.№9 Экономика промышленности.2013 | ||
| 245 | _b20.Экономика промышленности.Выходит 12раз в год. | ||
| 245 | _cгл. ред. Ран п.а Минакир, и др. | ||
| 260 | _aмосква. | ||
| 260 | _bВинити. | ||
| 260 | _c2013. | ||
| 300 | _a16ст,29см. | ||
| 653 | _aРеферативный журнал.Экономика промышленности. | ||
| 942 | _cCR | ||
| 999 |
_c41322 _d41322 |
||